| 000 | 00579nam a2200181 a 4500 | ||
|---|---|---|---|
| 001 | 000030486 | ||
| 005 | 20200930062334.0 | ||
| 008 | 110518s1990 dr a 000 0 spa d | ||
| 040 |
_aDO-SdBNP _bspa _cBNPHU |
||
| 082 |
_axxx _bS489s |
||
| 100 | 1 |
_aSerulle Ramia, José _96953 |
|
| 245 | 1 | 0 |
_aSalvar el planeta : _bresponsabilidad de todos. / _cJosé Serulle Ramia. |
| 260 |
_aSanto Domingo : _bFundación Ciencia y Arte, _c1990. |
||
| 300 |
_a21 p. : _bil. ; _c22 cm. |
||
| 490 | 1 |
_aHumanidad y Naturaleza _vno. 1 |
|
| 830 | 0 |
_aHumanidad y Naturaleza _nno. 1 _957114 |
|
| 049 | _aBNPD | ||
| 999 |
_c29978 _d29978 |
||